MDQL
is popping MORE tags! Check the
thread
!
Quizzes
Events
Quiz Creation
Community
Videos
Private Events
Remove Ads
Sign In
Join for FREE
Feedback
Dark Mode
Quiz Categories
Sports
Geography
Music
Movies
Television
Just For Fun
Miscellaneous
History
Literature
Language
Science
Gaming
Entertainment
Religion
Holiday
For Kids
Quiz Lab
Recent
Popular Today
Quiz Kudos Today
Editor Picks
Curator Picks
Quizzes by...
Day
Popularity
Type
Ratings
Length
Year
Community
Subscriptions
Recent Discussions
Orange Saloon
Badges
Playlists
Quests
Create
Leaderboards
Showdown
Live 5
Trivia Bingo
Activity
Puzzle Library
Sporcle Events
Private Events
Virtual Trivia
Globe League
Become a Host
Pub Owners
SporcleCon
Opinionation
Our Games
Videos
Blog
Mobile Apps
Partnerships
Remove Ads and Go Orange
Feedback
Entertainment
Celebrity
Famous
Musical
Broadway
Show
Quote
Comic Books
Anime
Superhero
DC Comics
Marvel
Cartoons
Animation
Entertainment
Celebrity
Famous
Musical
Broadway
Show
Quote
Comic Books
Anime
Superhero
DC Comics
Marvel
Cartoons
Animation
Random Quiz
Search Sporcle
×
Quiz Lab
Quiz Lab
Entertainment
Nominee
Type in answers that appear in a list
Type in answers that appear in a list
Classic
Best Score? Go Orange.
2011 Golden Globe Nominees Stats
Can you name the 2011 Golden Globe Nominees?
By
Darbicus
12m
71 Questions
125 Plays
125 Plays
125 Plays
Comments
Comments
Give Quiz Kudos
Give Quiz Kudos
-
- Ratings
hide this ad
Replay
Link that replays current quiz
Next Quiz
Link to next quiz in quiz playlist
You Got
0%
They Got
Avg Score
70%
Avg Friend Score
Upgrade to see
Score Distribution
Jump to the score distribution portion of the page
Score
0/71
Timer
12:00
0
Plays Today
% Correct
Johnny Depp
95.2%
Johnny Depp
95.2%
Natalie Portman
94.4%
Black Swan
91.2%
Angelina Jolie
90.4%
Anne Hathaway
89.6%
The Social Network
88.8%
The King's Speech
88%
James Franco
88%
Mark Wahlberg
88%
The Fighter
86.4%
Jesse Eisenberg
86.4%
Jake Gyllenhaal
85.6%
Mila Kunis
84.8%
Christian Bale
84%
Glee
84%
Colin Firth
83.2%
Michael Douglas
83.2%
The Tourist
81.6%
Julianne Moore
81.6%
Alec Baldwin
80.8%
The Kids Are All Right
79.2%
Emma Stone
79.2%
Amy Adams
79.2%
Mad Men
79.2%
Nicole Kidman
78.4%
Tina Fey
78.4%
Michelle Williams
77.6%
30 Rock
76.8%
Steve Carell
76.8%
Annette Bening
76%
Hugh Laurie
76%
Dexter
75.2%
Ryan Gosling
73.6%
Alice in Wonderland
73.6%
Helena Bonham Carter
72.8%
% Correct
Jeremy Renner
70.4%
Geoffrey Rush
70.4%
Jon Hamm
69.6%
Andrew Garfield
68%
The Big Bang Theory
68%
Melissa Leo
67.2%
The Good Wife
66.4%
Boardwalk Empire
64.8%
Michael C. Hall
64.8%
Edie Falco
63.2%
Bryan Cranston
61.6%
Toni Collette
61.6%
Matthew Morrison
61.6%
Steve Buscemi
60.8%
Lea Michele
60.8%
Inception
60%
Modern Family
60%
Halle Berry
58.4%
Jennifer Lawrence
58.4%
Nurse Jackie
58.4%
Jim Parsons
58.4%
Kevin Spacey
57.6%
The Big C
57.6%
Julianna Margulies
54.4%
Kyra Sedgwick
53.6%
Paul Giamatti
52.8%
Laura Linney
52.8%
Burlesque
51.2%
Thomas Jane
50.4%
Katey Sagal
48%
Elisabeth Moss
47.2%
Jacki Weaver
44%
Red
42.4%
Piper Perabo
32.8%
The Walking Dead
29.6%
Quiz Playlist
Details
Report
Send in Message
Add To Playlist
Classic:
Type in answers that appear in a list
Quiz Source
Last Updated: Feb 16, 2017
Quiz Scoreboard
CHALLENGE
Sign Up to Join the Scoreboard
Show All
Scores
Hide
Comments
May contain spoilers
Recently Published
Image Sorting: Flags VI
by Barbecue
Geography
2m
Find the 'City' Movie
by crazypaving
Movies
60s
Colored Red Africa Blitz
by spor1
Geography
45s
More to Explore
Quiz From the Vault
Featured Blog Post
14 Easter Pick-up Lines to Find Eggs With
hide this ad
You Might Also Like...
Tags
Nominee Quiz
2011
globe
gold
Today's Top Quizzes in Entertainment
Browse Entertainment
hide this ad
Today's Top Quizzes in Nominee
Browse Nominee
Top Contributed Quizzes in Entertainment
1
Marvel Classic Character Map
2
Dragon Ball Z: Goku's Fights in Order
3
Marvel Characters Bunker
4
JoJo's Bizarre Logic Quiz
5
Harry Styles-Are you no.1 fan
6
Sorting Pictures: Villains
7
This is Your Life: Edward Elric
8
Celebrity Spelling Bee
9
This is Your Life: Itachi Uchiha
10
BOYS PLANET Quiz
Explore More
Trending Topics
Marvel
Crossword
Disney
Kpop
Harry Potter
NBA
Anime
Song
Country
Pokémon
WWE
NFL
The Office
Soccer
Puzzle
hide this ad
More By:
Darbicus
Quiz
Plays
Rating
Category
Featured
Created
Golden Globes (Drama)
71,200
4.14
Movies
Sep 25, 2009
Big 4 Oscar Winners
11,881
4.66
Movies
Nov 4, 2010
TSPDT's Top 250 Directors
5,922
4.24
Movies
Sep 26, 2009
Star Trek Voyager Episodes
2,651
3.29
Television
Sep 30, 2009
Top 100 Homerun Hitters
2,354
4.25
Sports
Apr 25, 2010
Go to Creator's Profile
Score Distribution
Quiz Creator Spotlight
Darbicus
Follow
Send a Message
Quizzes Created
-
Created Quiz Play Count
-
More By This Creator
Popular Quizzes Today
1
Colored Red Africa Blitz
2
Find the US States - No Outlines Minefield
3
Find the 'City' Movie
4
5x2 Blitz: Bands
5
The Countries of the World
6
Find the US States
7
Find the Countries of Europe - No Outlines Minefield
8
US States
More Entertainment Quizzes
2010's Anime Openings 3
Curator's Pick
Trending Quizzes
Colored Red Europe Blitz I
Colored Red Europe Blitz II
Colored Red Africa Blitz II
Colored Red Europe Blitz III
Colored Red Africa Blitz III
Recently Updated
How Do You Spell That?
pecheneg
Godzilla Movies
pecheneg
Grab Bag: 4-10 Letters
pecheneg
2024 March Madness Bracket
pecheneg
Famous TV Couples
Peacemaker
Champions League XIs: Real Madrid
pecheneg
Largest US Cities 1790-2010
pecheneg
Rides in Walt Disney World
pecheneg
Most Oscar Losses (Acting)
pecheneg
Beyoncé Albums
pecheneg
Trending Topics
Disney
Marvel
Anime
Kpop
Harry Potter
Crossword
NBA
Song
Country
Pokémon
Puzzle
NFL
Soccer
WWE
The Office
Your Account Isn't Verified!
In order to create a playlist on Sporcle, you need to verify the email address you used during registration. Go to your
Sporcle Settings
to finish the process.
Report this User
Report this user for behavior that violates our
Community Guidelines
.
Details:
Send Report
Go to the Sporcle.com Mobile Site →
Comments